2025/26 LaLiga Standings - Statistics

General Stats
  • This quiz has been taken 7 times
  • The average score is 16 of 20
Answer Stats
# Points Team % Correct
4 69 Atlético Madrid
100%
1 94 FC Barcelona
100%
2 86 Real Madrid
100%
12 45 Athletic Bilbao
86%
7 51 Getafe CF
86%
19 41 Girona FC
86%
8 50 Rayo Vallecano
86%
6 54 RC Celta de Vigo
86%
18 42 RCD Mallorca
86%
5 60 Real Betis
86%
20 29 Real Oviedo
86%
10 46 Real Sociedad
86%
9 49 Valencia CF
86%
3 72 Villarreal CF
86%
16 42 Levante UD
71%
11 46 RCD Espanyol
71%
13 43 Sevilla FC
71%
14 43 Deportivo Alavés
57%
15 43 Elche CF
57%
17 42 CA Osasuna
43%
No matching quizzes found
Score Distribution
Percent of People with Each Score
Percentile by Number Answered
Your Score History
You have not taken this quiz